Fundamentals Of Total Quality Management (Record no. 324867)

MARC details
000 -LEADER
fixed length control field 00562nam a2200181Ia 4500
008 - FIXED-LENGTH DATA ELEMENTS--GENERAL INFORMATION
fixed length control field 230718s9999 xx 000 0 und d
020 ## - INTERNATIONAL STANDARD BOOK NUMBER
International Standard Book Number 9780748772933
041 ## - LANGUAGE CODE
Language code of text/sound track or separate title eng
082 ## - DEWEY DECIMAL CLASSIFICATION NUMBER
Classification number 658
Item number JEN
100 ## - MAIN ENTRY--PERSONAL NAME
Personal name Dahlgaard J.J.
9 (RLIN) 173366
245 ## - TITLE STATEMENT
Title Fundamentals Of Total Quality Management
250 ## - EDITION STATEMENT
Edition statement Paperback; 2005-02-04
260 ## - PUBLICATION, DISTRIBUTION, ETC. (IMPRINT)
Date of publication, distribution, etc. 2010
Name of publisher, distributor, etc. Nelson Thornes Ltd.
300 ## - PHYSICAL DESCRIPTION
Extent 372
Dimensions 6.2x9.1x0.9; 1.2 lb;
365 ## - TRADE PRICE
Currency code Rs.
Price amount 395.00
700 ## - ADDED ENTRY--PERSONAL NAME
Personal name Dahlgaard J.J., Kristensen K. & Khanji G.K.
9 (RLIN) 191327
906 ## - LOCAL DATA ELEMENT F, LDF (RLIN)
d O:0083529-Apr-2010B:107702-Apr-2010
c MGMT
b 79
Holdings
Withdrawn status Lost status Damaged status Not for loan Home library Current library Date acquired Vendor Budget Code Cost, normal purchase price Bill number Total Checkouts Full call number Barcode Date last seen Discount Cost, replacement price Bill Date Koha item type Original Barcode
        Cummins College of Engineering for Women Pune Cummins College of Engineering for Women Pune 29/04/2010 Pradeep Book Distributors MGMT 316.00 1077   658 CCEP-BK-36074 18/07/2023 79 395.00 02/04/2010 Books 036074